| 000 | 00862nam a22002417a 4500 | ||
|---|---|---|---|
| 005 | 20240530110351.0 | ||
| 008 | 141223s2009 ua g b 000 0 ara d | ||
| 017 |
_a2008/16822 _bمصر . دار الكتب المصرية |
||
| 020 | _a9774311159 | ||
| 040 | _aEG-CaGPL | ||
| 041 | 0 | _aara | |
| 082 | 0 | 4 |
_221 _a363.5\ _bع ث |
| 100 | 0 | _aعبداللة نجيب | |
| 245 | 1 | 0 |
_aثقافة العشوائيات / _cعبداللة نجيب ، صلاح محمد عبدالحميد |
| 250 | _aط1 | ||
| 260 |
_aالقاهرة : _bمؤسسة طيبة للنشر والتوزيع ، _c2009 |
||
| 300 |
_a191 ص ؛ _c24 سم |
||
| 504 | _aيشتمل على ارجاعات ببليوجرافية | ||
| 650 | 0 | 4 | _aالاحياء السكنية الفقيرة |
| 650 | 0 | 4 | _aالعشوائيات |
| 942 |
_2ddc _cBK |
||
| 999 |
_c60074 _d60074 |
||